Charles Schumer or Mitch McConnell? - Statistics

General Stats
  • This quiz has been taken 31 times
  • The average score is 8 of 15
Answer Stats
Question Answer % Correct
From New York Charles Schumer
100%
Is a Republican Mitch McConnell
100%
Has been serving for longer Mitch McConnell
100%
Is of Jewish Descent Charles Schumer
83%
Is Older Mitch McConnell
83%
Whose Spouse has had a political career Mitch McConnell
67%
Has had a major run for President Neither
67%
Was born in the state they represent Charles Schumer
50%
Has had more than one spouse Mitch McConnell
50%
Elected by defeating an Incumbent Senator Both
33%
Name is verified by Jetpunk Mitch McConnell
33%
Has had a write-in election campaign Neither
33%
Has served in the U.S House of Representatives Charles Schumer
17%
Is in the Class 1 Senate (2024 Senate Elections, 2018 Senate Elections) Neither
17%
Has never lost an Election Charles Schumer
0%
No matching quizzes found
Score Distribution
Percent of People with Each Score
Percentile by Number Answered
Your Score History
You have not taken this quiz